Fantasy Football Top Scorers - 2025-2026 - Statistics

General Stats
  • This quiz has been taken 131 times
  • The average score is 47 of 62
Answer Stats
Hint Answer % Correct
Detroit Lions / 55.4 Jahmyr Gibbs
99%
Indianapolis Colts / 49.6 Jonathan Taylor
99%
Buffalo Bills / 42.7 Josh Allen
99%
Las Angeles Rams / 46.5 Puka Nacua
99%
Detroit Lions / 41.4 Amon-Ra St. Brown
97%
Jacksonville Jaguars / 44.3 Trevor Lawrence
97%
Atlanta Falcons / 39.9 Bijan Robinson
96%
Baltimore Ravens / 45.6 Derrick Henry
96%
Cincinnati Bengals / 38.1 Ja'Marr Chase
96%
Chicago Bears / 38.7 Caleb Williams
95%
San Francisco 49ers / 39.1 Christian McCaffrey
95%
Atlanta Falcons / 38.8 Drake London
94%
New York Giants / 30.6 Wan'Dale Robinson
94%
Seattle Seahawks / 37.1 Jaxon Smith-Njigba
93%
Los Angeles Rams / 31.1 Kyren Williams
93%
Philadelphia Eagles / 35.2 A.J. Brown
92%
Cincinnati Bengals / 32.9 Chase Brown
92%
Miami Dolphins / 40.5 De'Von Achane
92%
Denver Broncos / 40.0 Bo Nix
91%
Las Vegas Raiders / 33.5 Ashton Jeanty
90%
Philadelphia Eagles / 33.4 Saquon Barkley
90%
Las Vegas Raiders / 43.3 Brock Bowers
89%
New England Patriots / 32.4 Drake Maye
89%
Cincinnati Bengals / 33.1 Tee Higgins
89%
Green Bay Packers / 32.0 Josh Jacobs
86%
Atlanta Falcons / 45.6 Kyle Pitts Sr.
86%
Dallas Cowboys / 33.4 George Pickens
85%
Buffalo Bills / 33.6 James Cook III
85%
Detroit Lions / 34.0 Jared Goff
85%
New York Giants / 37.7 Malik Nabers
85%
Arizona Cardinals / 37.2 Michael Wilson
85%
New Orleans Saints / 36.8 Chris Olave
83%
New England Patriots / 28.0 Treveyon Henderson
80%
New York Jets / 32.9 Breece Hall
79%
San Francisco 49ers / 36.9 Brock Purdy
79%
Baltimore Ravens / 29.4 Lamar Jackson
78%
Arizona Cardinals / 37.4 Trey McBride
78%
Kansas City Chiefs / 29.4 Patrick Mahomes
77%
Carolina Panthers / 33.9 Rico Dowdle
77%
Las Vegas Raiders / 40.9 Tre Tucker
73%
Indianapolis Colts / 29.5 Daniel Jones
71%
Jacksonville Jaguars / 31.5 Travis Etienne Jr.
71%
Tampa Bay Buccaneers / 31.3 Emeka Egbuka
70%
Tampa Bay Buccaneers / 34.0 Sean Tucker
70%
Philadelphia Eagles / 30.9 Jalen Hurts
69%
New England Patriots / 35.3 Rhamondre Stevenson
68%
Carolina Panthers / 33.0 Tetairoa McMillan
68%
Baltimore Ravens / 29.8 Zay Flowers
68%
Kansas City Chiefs / 29.4 Rashee Rice
64%
Green Bay Packers / 33.3 Tucker Kraft
61%
Chicago Bears / 31.8 Rome Odunze
59%
Cleveland Browns / 33.5 Shedeur Sanders
58%
Detroit Lions / 29.4 David Montgomery
56%
Indianapolis Colts / 29.2 Alec Pierce
52%
Pittsburgh Steelers / 31.4 Kenneth Gainwell
50%
New York Jets / 29.5 Justin Fields
47%
New York Giants / 27.9 Tyrone Tracy Jr.
46%
New York Giants / 32.2 Jameis Winston
34%
Green Bay Packers / 31.5 Malik Willis
30%
Buffalo Bills / 28.86 Mitchell Trubisky
11%
Seattle Seahawks / 28.0 Seahawks DST
10%
Minnesota Vikings / 32.0 Vikings DST
10%
No matching quizzes found
Score Distribution
Percent of People with Each Score
Percentile by Number Answered
Your Score History
You have not taken this quiz